[Event "U. S. Open"]
[Site "Middleton, WI"]
[Date "2013.07.29"]
[Round "3"]
[White "Murray Michael  (WA)"]
[Black "Shapiro Daniel  (NY)"]
[Result "0-1"]
[WhiteElo "2037"]
[BlackElo "2307"]
[Annotator ""]
[Source ""]
[Remark ""]

1.e4 c5 2.Nc3 Nc6 3.g3 g6 4.d3 Bg7 5.Bg2 d6 6.Nge2 e6 7.Be3 Nd4
8.f4 Ne7 9.O-O O-O 10.g4 f5 11.gxf5 exf5 12.Ng3 Rb8 13.Qd2 Kh8
14.Nd5 ( 14.Nd5 Nxd5 15.exd5 Nb5 16.a4 Nc7 17.c4 Re8 18.Bf2 Na6
19.Rfe1 Bd7 20.Rxe8+ Qxe8 21.Re1 Qf8 22.b3 Nb4 23.Bf3 Bf6 24.Ne2
Qg7 25.Kh1 Kg8 26.Rg1 Re8 27.d4 b6 28.dxc5 bxc5 29.h4 Qe7 30.h5
Kf7 31.Nc3 Bh4 32.Re1 Qf6 33.Rxe8 Bxe8 34.Be3 Qe7 35.Nd1 Bg3
36.Kg1 Qh4 37.hxg6+ hxg6 38.Bg2 Bd7 39.Nf2 Bh2+ 40.Kf1 Qh8 41.Nh3
Bg3 42.Ng5+ Ke7 43.Nf3 Qa1+ 44.Ke2 Na2 45.Qc2 Nc3+ 46.Kd3 Nd1
47.Bc1 Nf2+ 48.Ke2 Qh8 49.Qd2 Ne4 50.Qe3 Qh5 51.Kd3 Kd8 52.Kc2
Qg4 53.Bf1 g5 54.fxg5 f4 55.Qe2 Bf5 56.Kb2 Nxg5 57.Nxg5 Qxg5
58.Bd2 Bg4 59.Qe4 Qe5+ 60.Qxe5 dxe5 61.b4 e4 62.bxc5 e3 63.Ba5+
Kc8 64.c6 f3 65.Bd3 e2 66.c5 f2 67.Ba6+ Kb8 68.d6 Be5+ 69.Ka3
Bc8 70.Bxe2 Bh3 71.c7+ Kb7 72.Kb4 Bf4 73.Kc3 Be5+ 74.Kb4 Bf4
75.Kc3 Be5+ 76.Kb4 {1/2-1/2, Bean Terrence (ENG) 2080 - Devereaux Maxim (ENG) 2367, Oxford (England) 1998}
) Nxd5 15.exd5 Nb5 16.c3 Nc7 17.Rad1 b5 18.b3 Ne8 19.c4 bxc4
20.dxc4 Nf6 21.h3 Re8 22.Rde1 a5 23.Bf2 Rxe1 24.Rxe1 a4 25.Qd3
Rb4 26.Re3 Bh6 27.Ne2 Nh5 28.Be1 Rb7 29.Bc3+ Kg8 30.Bb2 axb3
31.axb3 Re7 32.Rxe7 Qxe7 33.Qf3 Qh4 34.Bc1 Qe1+ 35.Kh2 Bg7 36.Qe3
Kf7 37.Bd2 Qh4 38.Kh1 h6 39.b4 cxb4 40.Bxb4 Qe7 41.Qxe7+ Kxe7
42.c5 dxc5 43.Bxc5+ Kd7 44.Bf3 Nf6 45.Nd4 Ke8 46.Ne6 Bxe6 47.dxe6
Ne4 48.Bb4 Bf8 49.Ba5 Bd6 50.Bxe4 fxe4 51.Bd2 h5 52.Kg2 Ke7 53.h4
Bc5 54.Ba5 Kxe6 55.Kg3 Kd5 56.Be1 Kc4 57.Ba5 Kd3 58.Bc7 Be3 59.Bd8
Bd2 60.Bb6 Be1+ 61.Kh3 e3 62.Bd8 e2 63.Bb6 Bxh4 64.Ba5 e1Q 65.Bxe1
Bxe1 0-1

[Event "U. S. Open"]
[Site "Middleton, WI"]
[Date "2013.07.31"]
[Round "5"]
[White "Gleason Neil  (WI)"]
[Black "Varner Murlin  (WA)"]
[Result "1-0"]
[WhiteElo "1872"]
[BlackElo "1633"]
[Annotator ""]
[Source ""]
[Remark ""]

1.e4 e6 2.d4 d5 3.e5 Nc6 ( 3...c5 ) 4.Nf3 f6 5.exf6 Nxf6 6.Bf4
Bd6 7.Bxd6 ( 7.Ne5 O-O 8.Bg3 Ne4 9.Bd3 Qf6 10.f3 Nxe5 11.dxe5
Bxe5 12.Bxe5 Qxe5 13.fxe4 dxe4 14.Qe2 Qa5+ 15.Nc3 exd3 16.Qxd3
Qe5+ 17.Qe2 Qxe2+ 18.Kxe2 b6 19.Rhd1 Ba6+ 20.Ke3 Rad8 21.g3 Kf7
22.Ne4 Ke7 23.a4 Rxd1 24.Rxd1 Rf1 25.Rd2 Re1+ 26.Kf4 Bb7 27.Nc3
e5+ 28.Kf5 Bc8+ 29.Kg5 c6 30.b4 Re3 31.Nd1 Re4 32.c3 Rg4+ 33.Kh5
Rc4 34.Kg5 Rg4+ 35.Kh5 Rc4 36.Kg5 a5 37.Rb2 Rg4+ 38.Kh5 Rg6 39.Ne3
Rh6+ 40.Kg5 Rg6+ 41.Kh5 Rd6 42.Nc4 Rh6+ 43.Kg5 Rg6+ 44.Kh5 Kf6
45.Rf2+ Bf5 46.Rxf5+ Kxf5 47.g4+ Kf4 48.Nxb6 Rh6# {0-1, Durban Piera Joan (ESP) 2160 - Bosch Porta David (ESP) 2181, Barcelona (Spain) 1996}
) Qxd6 8.Bb5 O-O 9.O-O Ne7 10.h3 c6 11.Bd3 Bd7 12.Nbd2 Rae8 13.Ne5
Nf5 14.c3 c5 15.g4 cxd4 16.Nxd7 Nxd7 ( 16...Ne3 17.fxe3 Qg3+
18.Kh1 Qxh3+ 19.Kg1 Qg3+ 20.Kh1 Nxg4 $19 ) 17.gxf5 exf5
( 17...dxc3 ) 18.cxd4 Qh6 19.f4 Qxh3 20.Qf3 Qh6 ( 20...Qh4 )
21.Qxd5+ Kh8 22.Qxd7 Re3 23.Rf3 Rxf3 24.Nxf3 Qxf4 25.Kf2 g5 26.Qe7
Kg8 27.Bc4+ 1-0

[Event "U. S. Open"]
[Site "Middleton, WI"]
[Date "2013.07.30"]
[Round "4"]
[White "Kleist Fredreick  (WA)"]
[Black "Gleason Neil  (WI)"]
[Result "1-0"]
[WhiteElo "2037"]
[BlackElo "1872"]
[Annotator ""]
[Source ""]
[Remark ""]

1.e4 e6 2.d4 d5 3.Nd2 Nf6 4.e5 Nfd7 5.Bd3 c5 6.c3 Nc6 7.Ne2 Qb6
8.Nf3 cxd4 9.cxd4 f6 10.exf6 Nxf6 11.O-O Bd6 12.b3 e5 13.dxe5
Nxe5 14.Nxe5 Bxe5 15.Be3 Qa5 {=} 16.Rc1 O-O 17.Nd4 Bd7 18.Nf5
Bxf5 19.Bxf5 d4 20.Be6+ Kh8 21.Bd2 Qb6 ( 21...Bxh2+ 22.Kxh2 Qe5+
23.Kg1 Qxe6 ) 22.Bc4 Ne4 23.Be1 Qh6 24.g3 Rf4 {?} 25.f3 Rh4 {?}
26.gxh4 Qe3+ 27.Kh1 1-0

[Event "U. S. Open"]
[Site "Middleton, WI"]
[Date "2013.07.30"]
[Round "1"]
[White "Dixon Dakota  (WA)"]
[Black "Einarsson Ken  (CAN)"]
[Result "1-0"]
[WhiteElo "2119"]
[BlackElo "1713"]
[Annotator ""]
[Source ""]
[Remark ""]

1.d4 d5 2.c4 e6 3.Nc3 Nf6 4.Nf3 Be7 5.e3 O-O 6.b3 Nbd7 7.Bd3
c5 8.O-O cxd4 9.exd4 dxc4 10.bxc4 h6 11.Qe2 Re8 12.Rd1 Bb4 13.Bb2
Nb6 14.Rac1 Bd7 15.Ne5 Rc8 16.Qf3 Bc6 17.Nxc6 Rxc6 18.Ne4 Nbd7
19.c5 Nd5 20.a3 Ba5 21.Nd6 Rf8 22.Nxb7 Qc7 23.Nd6 N7f6 24.Nc4
Rb8 25.Rc2 Qd8 26.Ne5 Rcc8 27.Bc4 Bc7 28.Ba6 1-0

[Event "U. S. Open"]
[Site "Middleton, WI"]
[Date "2013.07.30"]
[Round "1"]
[White "Opryshchenko Oleksandr  (WI)"]
[Black "Fields Noah  (WA)"]
[Result "0-1"]
[WhiteElo "590"]
[BlackElo "1880"]
[Annotator ""]
[Source ""]
[Remark ""]

1.e4 c5 2.Bc4 e6 3.Nf3 Nc6 4.Nc3 g6 5.O-O Bg7 6.Nb5 d6 7.c3 a6
8.Na3 Nf6 9.d4 cxd4 10.cxd4 Nxe4 11.Be3 d5 12.Bd3 O-O 13.Bxe4
dxe4 14.Ng5 f5 15.Nc2 f4 16.Nxe4 fxe3 17.fxe3 Rxf1+ 18.Qxf1 e5
19.Qd3 Bf5 20.d5 Ne7 21.d6 Nc6 22.Qd5+ Kh8 23.Ne1 Bxe4 24.Qxe4
Qxd6 25.Nf3 Rd8 26.Ng5 Qd5 27.Qg4 Bh6 28.h4 Bxg5 29.hxg5 Qd3
30.Qf3 Qf5 31.Qg3 Rf8 32.Kh2 e4 33.Kg1 Ne5 34.Re1 Nd3 35.Rb1
Qf2+ 36.Qxf2 Rxf2 37.Rd1 Rxb2 38.Rf1 Kg7 39.Rf6 Rxa2 40.Rd6 b5
41.Rd7+ Kf8 42.Rd8+ Ke7 43.Rd5 b4 44.Rd4 b3 45.Rxe4+ Kf7 46.Rd4
b2 47.Rd7+ Ke6 48.Rb7 a5 49.Rb6+ Kf5 50.Rf6+ Kxg5 51.Rb6 0-1

[Event "U. S. Open"]
[Site "Middleton, WI"]
[Date "2013.07.30"]
[Round "4"]
[White "Driscoll Walter  (MA)"]
[Black "Murray Michael  (WA)"]
[Result "1/2-1/2"]
[WhiteElo "1820"]
[BlackElo "2037"]
[Annotator ""]
[Source ""]
[Remark ""]

1.e4 Nc6 2.d4 e5 3.d5 Nce7 4.f4 Ng6 5.Nh3 Bc5 6.Nc3 exf4 7.Nxf4
Qf6 8.Qf3 Ne5 9.Qe2 d6 10.Be3 Bg4 11.Qf2 Bxe3 12.Qxe3 Ne7 13.Bd3
Qh6 14.O-O a6 15.Rad1 O-O 16.Qc1 Rae8 17.Be2 Bxe2 18.Nfxe2 Qxc1
19.Nxc1 b5 20.b3 N7g6 21.N3e2 Nd7 22.Ng3 a5 23.Nce2 Nge5 24.Nd4
Rb8 25.Nge2 1/2-1/2

[Event "U. S. Open"]
[Site "Middleton, WI"]
[Date "2013.07.30"]
[Round "4"]
[White "Calderone John  (WI)"]
[Black "Hughes Charles (ID)"]
[Result "0-1"]
[WhiteElo "1490"]
[BlackElo "1740"]
[Annotator ""]
[Source ""]
[Remark ""]

1.c4 Nf6 2.g3 c6 3.Bg2 d5 4.b3 Bf5 5.Bb2 e6 6.Nf3 Be7 7.O-O O-O
8.d4 h6 9.a3 Nbd7 10.c5 Qc7 11.Re1 Ne4 12.b4 a5 13.Nc3 Ndf6 14.h3
Rfd8 15.Nxe4 Nxe4 16.g4 Bh7 17.Rf1 b6 18.Nd2 bxc5 19.Nxe4 dxe4
20.bxc5 Bxc5 21.Rc1 Be7 22.e3 Rab8 23.Qe2 Qb6 24.Bc3 Bxa3 25.Rb1
Bb4 ( 25...Qxb1 26.Rxb1 Rxb1+ ) 26.Rb3 c5 27.Rfb1 cxd4 28.Bxd4
Rxd4 29.exd4 e3 30.Rc1 exf2+ 31.Qxf2 Qd8 32.Qf4 g5 33.Qe3 Bd2
34.Qxd2 Rxb3 35.Rc3 Rb1+ 36.Kf2 a4 37.h4 Qf6+ 38.Ke2 Be4 39.hxg5
hxg5 40.Qxg5+ Qxg5 0-1

[Event "U. S. Open"]
[Site "Middleton, WI"]
[Date "2013.07.30"]
[Round "4"]
[White "Kleist Carol  (WA)"]
[Black "Librande Alexander  (WI)"]
[Result "0-1"]
[WhiteElo "1400"]
[BlackElo "1251"]
[Annotator ""]
[Source ""]
[Remark ""]

1.d4 d5 2.c4 dxc4 3.e4 e6 4.Qa4+ Bd7 5.Qxc4 b5 6.Qb3 a6 7.Nf3
Bc6 8.Qe3 Be7 9.Bd3 h6 10.O-O Nf6 11.a3 Bb7 12.h3 c6 13.Bd2 a5
14.Nc3 Na6 15.Qe1 Nc7 16.Ne2 a4 17.Rc1 O-O 18.Ne5 Ra6 19.f3 Nh5
20.g3 Nf6 21.Rc2 Nd7 22.Bf4 Nxe5 23.Bxe5 Bd6 24.Bxd6 Qxd6 25.e5
Qd7 26.Qc1 Nd5 27.Be4 Ne7 28.Bd3 Rb6 29.Be4 f5 30.exf6 Rxf6 31.Qe3
Nd5 32.Qd3 b4 33.Bxd5 exd5 34.Kg2 Ba6 35.Qd2 Re6 36.Re1 bxa3
37.bxa3 Qe8 38.Kf2 Rb3 39.Rc3 Rxe2+ 40.Rxe2 Qxe2+ 41.Qxe2 Bxe2
42.Rxc6 Bc4 43.Rc7 Rxa3 44.g4 Rd3 45.Ra7 a3 46.Kg3 a2 47.Kf4
Rd1 0-1

[Event "U. S. Open"]
[Site "Middleton, WI"]
[Date "2013.07.30"]
[Round "1"]
[White "Thou Peter  (CT)"]
[Black "Feng Roland  (WA)"]
[Result "0-1"]
[WhiteElo "1800"]
[BlackElo "2268"]
[Annotator ""]
[Source ""]
[Remark ""]

1.Nf3 Nf6 2.g3 b6 3.Bg2 Bb7 4.O-O e6 5.d3 Be7 6.e4 d5 7.exd5
exd5 8.Qe2 O-O 9.Bg5 h6 10.Bxf6 Bxf6 11.c3 c5 12.Re1 Nc6 13.Na3
Qd7 14.Qd2 d4 15.c4 g5 16.h4 Qf5 17.Nb5 Rad8 18.Nh2 Kg7 19.Be4
Qd7 20.h5 a6 21.Na3 Ne5 22.f4 gxf4 23.gxf4 Bxe4 24.Rxe4 Nc6 25.Qg2+
Kh8 26.Kf2 Rg8 27.Qf3 Bh4+ 28.Ke2 Rg3 29.Qf1 f5 30.Re5 Nxe5 31.fxe5
Re3+ 32.Kd2 Bg5 33.Kc2 Qa4+ 34.Kb1 Bh4 0-1

[Event "U. S. Open"]
[Site "Middleton, WI"]
[Date "2013.07.30"]
[Round "1"]
[White "Grabinsky Aaron  (OR)"]
[Black "Pemsler Carmen  (ID)"]
[Result "1-0"]
[WhiteElo "2055"]
[BlackElo "1635"]
[Annotator ""]
[Source ""]
[Remark ""]

1.e4 c6 2.d4 d5 3.exd5 cxd5 4.Bd3 Nc6 5.c3 Nf6 6.Bf4 Qb6 7.Qb3
Qxb3 8.axb3 g6 9.Nd2 Bg7 10.Bb5 O-O 11.Bxc6 bxc6 12.Ngf3 Nd7
13.b4 Re8 14.O-O e5 15.Bxe5 Bxe5 16.Nxe5 Nxe5 17.dxe5 Rxe5 18.Nb3
Bf5 19.Nd4 Bd7 20.Ra6 Kg7 21.f3 Be8 22.Rfa1 Re7 23.Kf2 Rc7 24.R1a5
Kf8 25.g4 Bd7 26.Kg3 Kg7 27.f4 Kg8 28.Rc5 Rac8 29.g5 Kg7 30.Nf3
Be8 31.Ne5 h6 32.h4 h5 33.Rca5 Ra8 34.Kf3 Kf8 35.Ke3 Ke7 36.Kd4
Ke6 37.Rxd5 Kf5 38.Nxc6+ Kxf4 39.Ne5 Kg3 40.Ke4 Kxh4 41.Kf4 Kh3
42.Rd2 Rac8 43.b3 Rxc3 44.Raa2 Rc2 45.Rdxc2 Rxc2 46.Rxc2 Bb5
47.Nf3 Bc6 48.Rh2# 1-0

[Event "U. S. Open"]
[Site "Middleton, WI"]
[Date "2013.07.30"]
[Round "1"]
[White "Perkins Sarai  (OR)"]
[Black "Williams Mike  (NC)"]
[Result "0-1"]
[WhiteElo "905"]
[BlackElo "1944"]
[Annotator ""]
[Source ""]
[Remark ""]

1.d4 d5 2.c4 c6 3.Nc3 dxc4 4.e4 b5 5.Nf3 Nf6 6.e5 Nd5 7.Be2 e6
8.a4 Nxc3 9.bxc3 Bb7 10.Rb1 Qd5 11.Bd2 a6 12.O-O Be7 13.Qc2 h6
14.Rb2 O-O 15.Ra1 c5 16.axb5 cxd4 17.bxa6 d3 18.Qb1 Bxa6 19.Bd1
Nd7 20.Ra4 Nc5 21.Ra5 Bd8 22.Ra3 Bb7 23.Rxa8 Bxa8 24.Rb8 Bc7
25.Rxf8+ Kxf8 26.Qb4 Kg8 27.Bf4 g5 28.Bg3 g4 29.Bf4 gxf3 30.Bxf3
Ne4 31.Kf1 Qb7 32.Qxb7 Bxb7 33.Bxh6 Bxe5 34.Ke1 Bxc3+ 35.Kf1
Bd5 36.g3 Nd2+ 37.Kg2 Nxf3 38.Kh3 d2 39.Bxd2 Bxd2 40.Kg4 f5+
41.Kh5 e5 42.Kg6 c3 43.h4 c2 44.h5 c1Q 45.Kxf5 Bh6 46.Kg4 Qg5+
47.Kh3 Qxh5+ 48.Kg2 Nd2+ 49.f3 Qxf3+ 50.Kh3 Qh5# 0-1

[Event "U. S. Open"]
[Site "Middleton, WI"]
[Date "2013.07.30"]
[Round "1"]
[White "Natarajan Oliver  (IL)"]
[Black "Yu Corbin Z  (OR)"]
[Result "0-1"]
[WhiteElo "1747"]
[BlackElo "2176"]
[Annotator ""]
[Source ""]
[Remark ""]

1.c4 c5 2.Nc3 Nc6 3.g3 g6 4.Bg2 Bg7 5.d3 e6 6.e4 Nge7 7.Nge2
O-O 8.O-O b6 9.b3 Bb7 ( 9...d6 10.Bb2 Bb7 11.Na4 Nd4 12.Nxd4
cxd4 13.Ba3 f5 14.f3 a6 15.Bc1 Qc7 16.Bg5 Rae8 17.Qd2 Nc6 18.Bh6
Bxh6 19.Qxh6 b5 20.Nb2 Ne5 21.Qd2 bxc4 22.Nxc4 Nxc4 23.bxc4 fxe4
24.fxe4 Qc5 25.Rxf8+ Rxf8 26.Rb1 Bc8 27.Rf1 Rxf1+ 28.Bxf1 Kg7
29.Bh3 h6 30.Bg4 Qa3 31.Kg2 Bd7 32.Qe2 Qc3 33.e5 Qb4 34.Bf3 Qc5
35.exd6 Qxd6 36.Qe4 Be8 37.Qb7+ Bf7 38.Qb2 g5 39.Qb7 Kf6 40.Qc8
e5 41.Qh8+ Ke7 42.Be4 h5 43.Qc8 Qb6 44.Qf5 Qb2+ 45.Qf2 Qa3 46.Qd2
Kd6 47.h3 Be6 48.Qf2 Ke7 49.Qd2 Kd6 50.Kh2 g4 51.h4 a5 {0-1, Shkuro Alexandr (RUS) 2091 - Baharev V 2265, Kazan (Russia) 2006.06.03}
) 10.f4 d6 11.g4 f5 12.exf5 exf5 13.g5 Qd7 14.Ng3 Nd4 15.h4 Bxg2
16.Kxg2 Rfe8 17.h5 d5 18.hxg6 hxg6 19.Rh1 Qc6 20.Kf2 Rad8 21.Qf1
dxc4 22.dxc4 Qf3+ 23.Kg1 Qxg3+ 24.Qg2 Nf3+ 0-1

[Event "U. S. Open"]
[Site "Middleton, WI"]
[Date "2013.07.30"]
[Round "1"]
[White "Heublum Jack (NY)"]
[Black "Porth Adam  (ID)"]
[Result "1-0"]
[WhiteElo "1969"]
[BlackElo "1287"]
[Annotator ""]
[Source ""]
[Remark ""]

1.d4 e6 2.Nf3 d5 3.e3 c5 4.b3 Nc6 5.Bd3 Nf6 6.O-O a6 7.Bb2 Nb4
8.Be2 Bd7 9.a3 Nc6 10.Bd3 Bd6 11.Ne5 cxd4 12.exd4 Qc7 13.Qe2
O-O 14.Nd2 Rfe8 15.f4 Bf8 16.Ndf3 g6 17.Ng5 Nd8 18.Rac1 h6 19.Nh3
b5 20.c4 Qb7 21.Nxd7 Qxd7 22.cxb5 a5 23.Rc2 Nb7 24.Rfc1 Nd6 25.Rc7
Qd8 26.Nf2 Nf5 27.b6 Bd6 28.b7 Qb8 29.bxa8Q Qxa8 30.R7c6 Bxf4
31.Ra6 Qb7 {%02  (last three move pairs indecipherable, but the outcome is cear)}
 1-0

[Event "U. S. Open"]
[Site "Middleton, WI"]
[Date "2013.07.30"]
[Round "1"]
[White "Iyer Venkat  (CA)"]
[Black "Campbell Tim  (WA)"]
[Result "1-0"]
[WhiteElo "2180"]
[BlackElo "1762"]
[Annotator ""]
[Source ""]
[Remark ""]

1.e4 c5 2.Nf3 Nc6 3.Bb5 g6 4.Bxc6 bxc6 5.O-O Bg7 6.d3 d6 7.Nc3
Nf6 8.e5 Nd5 9.exd6 Nxc3 10.dxe7 Qb6 11.bxc3 Bxc3 12.Bg5 Bxa1
13.Qxa1 Rg8 14.Nd2 h6 15.Bxh6 Kxe7 16.Bg5+ Kf8 17.Re1 Rg7 18.Bh6
Be6 19.Qxg7+ Ke7 20.Nc4 Qb4 21.c3 Qb7 22.Bg5+ Kd7 23.Qe5
( 23.Qxf7+ Bxf7 24.Re7+ Kd8 25.Rxf7+ Qe7 ( 25...Kc8 26.Nd6+ Kb8
27.Rxb7# ) 26.Rxe7 Kc8 27.Nd6+ Kd8 28.Rxa7# ) 1-0

[Event "U. S. Open"]
[Site "Middleton, WI"]
[Date "2013.08.01"]
[Round "6"]
[White "Varner Murlin  (WA)"]
[Black "Wheelock Charlie  (LA)"]
[Result "1/2-1/2"]
[WhiteElo "1633"]
[BlackElo "1260"]
[Annotator ""]
[Source ""]
[Remark ""]

1.c4 c5 2.Nc3 Nc6 3.g3 d6 4.Bg2 g6 5.e4 Bg7 6.Nge2 Nf6 7.d3 Bd7
8.O-O O-O 9.a3 Qc8 10.Rb1 a5 11.Nf4 e5 12.Nfd5 Nxd5 13.Nxd5 Qd8
14.Bd2 Be6 15.b4 axb4 16.axb4 b6 17.bxc5 bxc5 18.Nb6 Rb8 19.Nd5
Bxd5 20.exd5 Nd4 21.f4 exf4 22.Bxf4 Rxb1 23.Qxb1 Ne2+ 24.Kh1
Nxf4 25.Rxf4 Qb8 26.Qe1 Re8 27.Qf1 Qb4 28.Re4 Rxe4 29.Bxe4 Qc3
30.g4 Qa1 31.Kg2 Be5 32.h3 Qxf1+ 33.Kxf1 Kg7 34.Kg2 Kf6 35.h4
h6 36.Kh3 Bf4 37.Kg2 Ke5 38.Kf3 {?} f5 39.gxf5 gxf5 40.d4+ cxd4
41.Bd3 Be3 42.Kg3 h5 43.Be2 f4+ 44.Kf3 1/2-1/2

[Event "U. S. Open"]
[Site "Middleton, WI"]
[Date "2013.07.31"]
[Round "5"]
[White "D'Aquin Leila  (LA)"]
[Black "Kleist Carol  (WA)"]
[Result "1/2-1/2"]
[WhiteElo "998"]
[BlackElo "1400"]
[Annotator ""]
[Source ""]
[Remark ""]

1.e4 c5 2.Bc4 e6 3.Ne2 Nc6 4.c3 g6 5.d4 d5 6.Bd3 cxd4 7.Nxd4
Bg7 8.Nxc6 bxc6 9.O-O Nf6 10.e5 Nd7 11.f4 Qb6+ 12.Kh1 Ba6 13.Rf3
Bxd3 14.Rxd3 O-O 15.Na3 Qc7 16.c4 Rfd8 17.Be3 Nb6 18.Rc1 dxc4
19.Nxc4 Rxd3 20.Qxd3 Rd8 21.Nd6 Bf8 22.Bc5 Nc8 23.Rd1 Qa5 24.Qa3
Qxa3 25.Bxa3 1/2-1/2

[Event "U. S. Open"]
[Site "Middleton, WI"]
[Date "2013.07.31"]
[Round "5"]
[White "Hughes Charles (ID)"]
[Black "Johnson Frank  (GA)"]
[Result "0-1"]
[WhiteElo "1732"]
[BlackElo "1980"]
[Annotator ""]
[Source ""]
[Remark ""]

1.d4 d5 2.Bf4 Nf6 3.Nf3 g6 4.h3 Bg7 5.e3 O-O 6.Nbd2 Bf5 7.Ne5
Nfd7 8.Ndf3 f6 9.Nd3 Nc6 10.Bh2 e5 11.dxe5 fxe5 12.Nd2 Qf6 13.f3
Nb6 14.Be2 Bxd3 15.cxd3 e4 16.O-O exd3 17.Bxd3 Qxb2 18.Rb1 Qxa2
19.Bxc7 Qa3 20.Rb3 Qc5 21.Qe2 Rae8 22.Re1 Rxe3 23.Qxe3 Bd4 24.Bxb6
axb6 25.Nf1 Re8 26.Bb1 Bxe3+ 27.Rbxe3 Rxe3 28.Rxe3 Na5 29.Kh2
Qc1 30.Bd3 Nc4 31.Re8+ Kf7 32.Rd8 Qf4+ 33.Kh1 Qd4 34.Bxc4 Qxc4
35.Rd7+ Ke6 36.Rxb7 Qxf1+ 0-1

[Event "U. S. Open"]
[Site "Middleton, WI"]
[Date "2013.07.31"]
[Round "5"]
[White "Strenzwilk Denis  (MD)"]
[Black "Kleist Fredreick  (WA)"]
[Result "1/2-1/2"]
[WhiteElo "2200"]
[BlackElo "2037"]
[Annotator ""]
[Source ""]
[Remark ""]

1.e4 e5 2.Nc3 Nf6 3.f4 d5 4.fxe5 Nxe4 5.Nf3 Be7 6.d4 O-O 7.Bd3
f5 8.exf6 Bxf6 9.O-O Nc6 10.Nxe4 dxe4 11.Bxe4 Bxd4+ 12.Kh1 Bf6
13.Ng5 Qxd1 14.Rxd1 Bg4 15.Re1 h6 16.Nh7 Bh4 17.Nxf8 Bxe1 18.Ng6
Re8 19.Bd5+ Be6 20.Bxc6 bxc6 21.Be3 Bf5 22.Rxe1 Bxg6 23.Kg1 Bxc2
24.Kf2 a6 25.Rc1 Be4 26.Rc3 Rb8 27.Rb3 1/2-1/2

[Event "U. S. Open"]
[Site "Middleton, WI"]
[Date "2013.07.31"]
[Round "5"]
[White "Murray Michael  (WA)"]
[Black "Grochowski Andrew  (WI)"]
[Result "1-0"]
[WhiteElo "2037"]
[BlackElo "1799"]
[Annotator ""]
[Source ""]
[Remark ""]

1.e4 e5 2.Nc3 Nc6 3.Nf3 Nf6 4.g3 Bc5 5.Bg2 O-O 6.O-O d6 7.d3
Ng4 8.h3 Nf6 9.Na4 Nd7 10.Nh4 a6 11.Nf5 Ba7 12.Be3 Nf6 13.Bxa7
Nxa7 14.g4 g6 15.Ne3 g5 16.Qd2 h6 17.Nc3 c6 18.Rae1 c5 19.Nf5
Bxf5 20.exf5 Qd7 21.Nd5 Nxd5 22.Bxd5 Kg7 23.f6+ Kxf6 24.Be4 Kg7
25.Bf5 Qc7 26.h4 f6 27.Re3 Nc6 28.Rh3 Rh8 29.c3 Ne7 30.Qe2 Nxf5
31.gxf5 Rag8 32.h5 Qc6 33.d4 Re8 34.dxe5 dxe5 35.Rd1 Rd8 36.Rhd3
Rxd3 37.Rxd3 Kf7 38.Qd1 Ke7 39.c4 b6 40.Rd5 Rb8 41.Qf3 Rd8 42.Rxe5+
Kd7 43.Re7+ Kxe7 44.Qxc6 g4 45.Qe6+ Kf8 46.Qxf6+ Ke8 47.Qe6+
Kf8 48.Qxh6+ Ke8 49.Qxb6 g3 50.Qxd8+ Kxd8 51.fxg3 Ke7 52.g4 a5
53.g5 a4 54.h6 a3 55.bxa3 Kf7 56.a4 Kg8 57.a5 Kh8 58.a6 Kg8 59.a7
Kh7 60.Kg2 Kg8 61.g6 Kf8 62.f6 Ke8 63.a8Q+ Kd7 64.Qd5+ Kc7 65.Qxc5+
Kb7 66.h7 Ka6 67.Qb5+ Ka7 68.Kf2 Ka8 69.h8Q+ Ka7 70.Qg7+
( 70.Qhb8# ) Ka8 71.Qgb7# 1-0

[Event "U. S. Open"]
[Site "Middleton, WI"]
[Date "2013.07.31"]
[Round "3"]
[White "Endsley Barry  (MI)"]
[Black "Campbell Tim  (WA)"]
[Result "0-1"]
[WhiteElo "2000"]
[BlackElo "1762"]
[Annotator ""]
[Source ""]
[Remark ""]

1.e4 c5 2.Nf3 Nc6 3.d4 cxd4 4.Nxd4 g6 5.Nc3 Bg7 6.Be3 Nf6 7.Bc4
O-O 8.Bb3 d6 9.h3 Bd7 10.O-O Rc8 11.Qd2 Re8 12.Rad1 Na5 13.Rfe1
Nc4 14.Bxc4 Rxc4 15.Qd3 Qc8 16.Rd2 a6 17.Nd5 Nxd5 18.exd5 Rc5
19.Qb3 Bb5 20.Nxb5 Rxb5 21.Qa4 Rxb2 22.c4 b5 23.cxb5 axb5 24.Qa3
Rxd2 25.Bxd2 Qa8 26.Qxa8 Rxa8 27.Rxe7 Bf8 28.Rb7 Rxa2 29.Bb4
Rb2 30.Rxb5 Rb1+ 31.Kh2 f5 32.Rb8 Kf7 {=} 33.Bxd6 {??} Bxd6+ 0-1

[Event "U. S. Open"]
[Site "Middleton, WI"]
[Date "2013.07.31"]
[Round "3"]
[White "Dixon Dakota  (WA)"]
[Black "Zhou Jason  (MO)"]
[Result "1-0"]
[WhiteElo "2119"]
[BlackElo "1921"]
[Annotator ""]
[Source ""]
[Remark ""]

1.d4 Nf6 2.c4 e6 3.Nc3 Bb4 4.Qc2 d5 5.cxd5 exd5 6.e3 O-O 7.Bd3
Be6 8.Nge2 Nbd7 9.O-O Bxc3 10.bxc3 Re8 11.f3 c5 12.Qd2 c4 13.Bc2
b5 14.e4 dxe4 15.fxe4 Bg4 16.Ng3 Nb6 17.Qf2 Be6 18.Bg5 Qe7 19.Qd2
Bc8 20.e5 Nbd5 21.exf6 gxf6 22.Bh6 b4 23.Rae1 1-0

[Event "U. S. Open"]
[Site "Middleton, WI"]
[Date "2013.07.31"]
[Round "3"]
[White "Perkins Sarai  (OR)"]
[Black "Nikitin Mike  (MI)"]
[Result "0-1"]
[WhiteElo "905"]
[BlackElo "1513"]
[Annotator ""]
[Source ""]
[Remark ""]

1.d4 d5 2.c4 c6 3.Qc2 Nd7 4.Nf3 Ngf6 5.Nbd2 e6 6.c5 a5 7.e3 b6
8.cxb6 Qxb6 9.Bd3 Bb7 10.O-O Be7 11.e4 dxe4 12.Nxe4 Nxe4 13.Bxe4
Nf6 14.b3 Nxe4 15.Qxe4 O-O 16.Qg4 f5 17.Qg3 Rf6 18.Ne5 Qxd4 19.Bg5
f4 20.Rad1 Qxe5 21.Bxf6 Qxf6 22.Qg4 Bb4 23.Rd7 Bc8 24.Rc7 c5
25.Rd1 f3 26.Qh5 Ba6 27.Qxf3 Qxf3 28.gxf3 Bb5 29.Kg2 Re8 30.a4
Be2 31.Rdd7 Bc3 32.Rxc5 Bf6 33.Rxa5 h6 34.b4 Bc3 35.Rb7 Rf8 36.Rb6
Bxf3+ 37.Kg1 e5 38.Rg6 Rd8 39.h4 Rd1+ 40.Kh2 Rh1+ 41.Kg3 Rg1+
42.Kxf3 Rxg6 43.Rb5 Rf6+ 44.Ke4 Rf4+ 45.Kd5 Rxh4 46.Kc5 Bd4+
47.Kc6 Rf4 48.a5 Rxf2 49.Rb8+ Kh7 50.a6 Ra2 51.b5 h5 52.Ra8 h4
53.b6 Bxb6 54.Kxb6 h3 55.a7 h2 56.Re8 h1Q 57.Rc8 Qb1+ 58.Kc7
Rxa7+ 59.Kd8 Qd3+ 60.Ke8 Qd7+ 61.Kf8 Qf7# 0-1

[Event "U. S. Open"]
[Site "Middleton, WI"]
[Date "2013.07.31"]
[Round "3"]
[White "Pemsler Carmen  (ID)"]
[Black "Rollins Patrick  (WI)"]
[Result "1-0"]
[WhiteElo "1635"]
[BlackElo "511"]
[Annotator ""]
[Source ""]
[Remark ""]

1.c4 e6 2.Nc3 Nf6 3.Nf3 d5 4.cxd5 exd5 5.d4 Bb4 6.Bd2 Nc6 7.e3
O-O 8.Bd3 Be6 9.O-O ( 9.O-O Bd6 10.Nb5 Be7 11.Qc2 a6 12.Nc3 Bd6
13.Ng5 Bxh2+ 14.Kh1 Bd6 15.Bxh7+ Kh8 16.Nxe6 fxe6 17.Bd3 Ng4
18.g3 Kg8 19.Kg2 Kf7 20.f3 Nf6 21.g4 Ke7 22.g5 Nd7 23.Kf2 Nb6
24.Ke2 Kd7 25.Rg1 Qe8 26.Bg6 Qe7 27.Bd3 Nb4 28.Qb1 Nxd3 29.Qxd3
Qf7 30.Raf1 Qh5 31.Be1 Be7 32.Nb1 Bxg5 33.Rh1 Qf7 34.Bb4 Rh8
35.Nd2 Rxh1 36.Rxh1 Bf6 37.Nb3 Be7 38.Bxe7 Kxe7 39.Nc5 Rb8 40.Qc3
Nd7 41.Rc1 c6 42.Qb4 Kd8 43.Nxd7 Kxd7 44.Qb6 Kc8 45.b4 Qc7 46.Qxc7+
Kxc7 47.Rg1 Rg8 48.e4 Kd7 49.Ke3 Ke7 50.Rg4 Kd6 51.e5+ Ke7 52.Kd3
Kd7 53.Kc3 Kc7 54.a4 Kb6 55.a5+ Kc7 56.Kd3 Kd7 57.Ke3 Ke7 58.f4
Kf7 59.Kf3 g6 60.Rg5 Rh8 61.Kg2 Rh4 62.Kf3 Rh3+ 63.Rg3 Rh1 {0-1, Severina Maria - Galvan Serrano Rafael (ESP), Aviles (Spain) 2004.08.22}
) h6 10.a3 Be7 11.Re1 Qd7 12.Bb5 a6 13.Ne5 Qd6 14.Bxc6 bxc6 15.Rc1
Rab8 16.Qc2 c5 17.Na4 cxd4 18.Qxc7 Rfc8 19.Qxd6 Bxd6 20.exd4
Nd7 21.Rxc8+ Rxc8 22.Nxd7 Bxd7 23.Nb6 Rc7 24.Nxd5 Rc2 25.Bc3
Kh7 26.Ne3 Bxh2+ 27.Kxh2 Rxf2 28.Rf1 Rxf1 29.Nxf1 Kg6 30.Ne3
Kf6 31.Nd5+ Ke6 32.Nc7+ Kd6 33.Nxa6 Be6 34.Nb4 Bb3 35.Kg3 g6
36.Kf4 Bd1 37.Nd3 Kd5 38.b4 Bc2 39.Ke3 Bd1 40.b5 f5 41.Nf4+ Kc4
42.b6 g5 43.b7 Kxc3 44.Nd5+ Kc4 45.b8Q Kxd5 46.Qb5+ Ke6 47.Qe5+
Kd7 48.d5 f4+ 49.Ke4 f3 50.Qe6+ Kc7 51.Qc6+ Kd8 52.d6 fxg2 53.Qc7+
Ke8 54.Qe7# 1-0

[Event "U. S. Open"]
[Site "Middleton, WI"]
[Date "2013.07.31"]
[Round "3"]
[White "Dreuth Adam  (WI)"]
[Black "Porth Desmond  (ID)"]
[Result "1/2-1/2"]
[WhiteElo "1743"]
[BlackElo "1036"]
[Annotator ""]
[Source ""]
[Remark ""]

1.e4 e5 2.Nf3 Nc6 3.Bb5 a6 4.Ba4 Nf6 5.O-O Nxe4 6.Re1 Nc5 7.Bxc6
dxc6 8.Nxe5 Be7 9.d3 O-O 10.b3 Bd6 11.Bb2 Re8 12.Nd2 f6 13.d4
fxe5 14.dxc5 Bxc5 15.Rxe5 Rxe5 16.Bxe5 Qe7 17.Bg3 Bf5 18.Nf3
Rd8 19.Qc1 Ba3 20.Qe1 Bxc2 21.Qxe7 Bxe7 22.Bxc7 Rd1+ 23.Rxd1
Bxd1 24.Bb6 Bc2 25.Nd2 1/2-1/2

[Event "U. S. Open"]
[Site "Middleton, WI"]
[Date "2013.07.31"]
[Round "3"]
[White "Wenz William  (WI)"]
[Black "Trattner Andrew  (OR)"]
[Result "1-0"]
[WhiteElo "2000"]
[BlackElo "1771"]
[Annotator ""]
[Source ""]
[Remark ""]

1.e4 d5 2.exd5 Qxd5 3.Nc3 Qd6 4.Bc4 Nf6 5.d3 a6 6.Nge2 b5 7.Bb3
Bb7 8.f3 Nc6 9.Ne4 Nxe4 10.fxe4 Qg6 11.O-O Ne5 12.Nf4 Qb6+ 13.Kh1
e6 14.Qh5 Bd6 15.Nxe6 g6 16.Ng7+ Kd7 17.Qh3+ Kd8 18.Bxf7 Bc8
19.Bg5+ Be7 20.Bxe7+ Kxe7 21.Qh4+ Kd7 22.Be6+ Kd6 23.Rf6 Qe3
24.Bd5+ Kc5 25.Bxa8 Ng4 26.Rc6+ Kd4 27.c3+ Kxd3 28.Rf1 g5 29.Qe1
h5 30.Qd1+ Qd2 31.Rf3+ Ne3 32.Qb1+ 1-0